000 00949nam2a22002531 4500
001 rc\142916
005 20250612181428.0
010 _a5-86047-056-8
_9930
035 _a(NLR Aleph) 008774513
090 _a7944404
_c7944404
100 _a20030307d1995 |||y0rusy50 ca
101 0 _arus
102 _aRU
105 _aa |||||||||
200 1 _aГород Шадринск и Шадринский район
_eА - Л
_fСост. В. А. Герасимов, М.П. Дмитриева]
210 _dБ. г. (1995)
_aБ. м.
215 _a401 с.
_cил.
461 0 _1001rc\142913
_12001#$aКнига Памяти, 1941-1945$eКурган. обл.$v[Т. 3
_97993322
_cКурган
_dБ. г.
_nПарус М
_oКурган. обл.
_tКнига Памяти, 1941-1945
_y5860470096
_v[Т. 3
702 1 _aГерасимов
_bВ.А.
_4220
801 0 _aRU
_bNLR
_gpsbo
801 1 _aRU
_bELAR
_2rusmarc
852 _aNLR
_bС
_jК-2/6028
942 _cBOOK
980 _aNB